| 000 | 00370pab a2200157 454500 | ||
|---|---|---|---|
| 008 | 180718b1998 xxu||||| |||| 00| 0 eng d | ||
| 100 | _aRaghuvanshi, Rita S. | ||
| 245 | _aFood security: key issues and options | ||
| 260 | _c1998 | ||
| 300 | _ap.14-17 | ||
| 362 | _aDec | ||
| 650 | _aFood supply | ||
| 700 | _aSohane, R.K. | ||
| 773 | _aKurukshetra | ||
| 909 | _a39541 | ||
| 999 |
_c39541 _d39541 |
||